| 000 | 00552ntaaa2200193 4500 | ||
|---|---|---|---|
| 003 | 01 | ||
| 005 | 20251027202012.0 | ||
| 008 | 0714s1973 ag 01 | ||
| 020 | _a8429307915 | ||
| 040 |
_aAR-BaBN _bspa _cAR-BaBN _eaacr _dRIC |
||
| 082 | _a261.1 G58p | ||
| 100 | _aGonzáles Faus, José Ignacio | ||
| 245 |
_aParábolas, cartas y ensueños del rabino Ben Shalom / _cJosé Ignacio Gonzáles Faus |
||
| 260 |
_aSantander : _bSal Terrae, _cc1987 |
||
| 300 |
_a136 p. ; _c20 cm. |
||
| 490 |
_aST breve ; _v21 |
||
| 650 | _aIglesia-Sociedad | ||
| 942 | _cBK | ||
| 999 |
_c14755 _d14755 |
||